| 000 | 01259nam a22003257a 4500 | ||
|---|---|---|---|
| 003 | CHAP | ||
| 005 | 20220329134714.0 | ||
| 008 | 971013s1972 r 00010 d | ||
| 010 | _a24516 | ||
| 011 | _a25488 | ||
| 035 | _a29588 | ||
| 040 | _cCHAP | ||
| 090 | _aFolleto 7916 | ||
| 110 |
_aComité Estatal de Fomento y Defensa de la Ganadería. Hermosillo, Son. _925873 |
||
| 245 |
_aZacates nativos en el estado de Sonora _b: zacate navajita (Boutela gracilis) (H.B.K.) Log, zacate navajita peluda (Boutela hirsuta) Log. |
||
| 260 |
_aHermosillo, Son. : _bEl Comité, _c1972 |
||
| 300 | _as.p. | ||
| 490 |
_aComité Estatal de Fomento y Defensa de la Ganadería. Hermosillo, Son. Boletín _v; 50 |
||
| 590 |
_aBATCH-UPD _b10 _c20130110 _lUCH01 _h0206 |
||
| 590 |
_aBATCH-UPD _b10 _c20130110 _lUCH01 _h2332 |
||
| 590 |
_aBATCH-UPD _b10 _c20130409 _lUCH01 _h2219 |
||
| 590 |
_aBATCH-UPD _b10 _c20130914 _lUCH01 _h0744 |
||
| 590 |
_aCONVERSION _b10 _c20130109 _lUCH01 _h1314 |
||
| 650 | 1 | 4 |
_aBouteloua gracilis. _914797 |
| 650 | 1 | 4 |
_aPastos _xSonora. _986079 |
| 830 | 0 |
_aComité Estatal de Fomento y Defensa de la Ganadería. Hermosillo, Son. Boletín _v; 50 _925874 |
|
| 901 | _aBK | ||
| 942 | _cFOLL | ||
| 949 |
_aFolleto 7916 _bBC _cFOLL _d-68367 _eTS1 _i29588 _mD _si |
||
| 999 |
_c24516 _d24516 |
||